LEADER 01201nam0 22003253i 450 001 TO01353030 005 20251003044411.0 010 $a8834844955 100 $a20130409d2004 ||||0itac50 ba 101 | $aita 102 $ait 181 1$6z01$ai $bxxxe 182 1$6z01$an 200 1 $aTemi di marketing$emetodologia ed applicazioni per affrontare con successo lo studio di un caso di marketing$fRoberto Sbrana, Alessandro Gandolfo 210 $aTorino$cGiappichelli$d[2004] 215 $aX, 256 p.$d24 cm. 606 $aMarketing$2FIR$3CFIC067236$9E 676 $a658.8$9GESTIONE DELLA DISTRIBUZIONE (MARKETING)$v21 696 $aMercatistica 699 $aMarketing$yMercatistica 700 1$aSbrana$b, Roberto$3CFIV029220$4070$0108406 701 1$aGandolfo$b, Alessandro$3TO0V025888$4070$0147717 801 3$aIT$bIT-000000$c20130409 850 $aIT-BN0095 901 $bNAP 01$cAZ $n$ 912 $aTO01353030 950 0$aBiblioteca Centralizzata di Ateneo$c1 v.$d 01AZ (C) 00 1967$e 01C 0080019675 VMA 1 v.$fY $h20130409$i20130409 977 $a 01 996 $aTemi di marketing$968329 997 $aUNISANNIO